001990000a2200061000450024500620000030000470006277300280010910aInquitudes y problemas suscitados con relación al culto aVol. 9, Núm 15 (2001), Páginas 125-1320 tTextos para la acción